Name a Valid Roller Coaster - Statistics

General Stats
  • This quiz has been taken 127 times
    109 since last reset
  • The average score is 7 of 15
Answer Stats
Hint Answer % Correct
Over 400 feet in height Kingda Ka | Top Thrill Dragster | Superman: Escape from Krypton
99%
Goes over 80 mph and is in Europe Red Force | Hyperion | Shambhala | Stealth
83%
Is an Intamin prefabricated wooden coaster Colossos | Balder | El Toro | T Express
73%
Has won at least 4 Golden Ticket Awards for Best Steel Coaster Millennium Force | Superman: The Ride | Fury 325
70%
Has won at least 4 Golden Ticket Awards for Best Wood Coaster Raven | Boulder Dash | The Voyage | Phoenix
67%
Was the name of a standup coaster that is now floorless Mantis | Vortex | Iron Wolf
62%
Was over 7000 feet in length and is defunct The Ultimate | Son of Beast | Daidarasaurus
55%
Features a non-inverting loop and isn't a Sky Rocket II Hollywood Rip Ride Rockit | Shock | Flying Aces | Soaring with Dragon | DC Rivals Hypercoaster
50%
That opened with a record-breaking number of inversions in the 1980s Carolina Cyclone | Viper | Vortex | Shockwave
40%
Manufactured by RMC and opened in 2014 Goliath | Medusa Steel Coaster
36%
Is a B&M looping coaster that is the slowest of its model (dive, invert, floorless, etc.), excluding surf Nemesis Inferno | Baron 1898 | Vortex | Maximus - Der Flug des Wächters | Galactica | Patriot | Kumba
35%
Is operating, opened in the 1950s, and is at least 50 feet tall Big Dipper | Coaster | Matterhorn Bobsleds
16%
Is operating, opened in the 1910s, and has a brakeperson on-ride Rutschebanen | Scenic Railway
15%
Was top 3 in the Mitch Hawker steel poll in 1999 Superman: Ride of Steel | Montu | The Incredible Hulk
14%
Was top 3 in the Mitch Hawker wood poll in 2000 Tonnerre de Zeus | Shivering Timbers | Megafobia
6%
No matching quizzes found
Score Distribution
Percent of People with Each Score
Percentile by Number Answered
Your Score History
You have not taken this quiz since the last reset